¿Puedes adivinar la forma de gobierno de estos paises? Parte 4 - Estadísticas

Estadísticas generales
  • Esta prueba ha sido intentada 41 veces
  • La puntuación promedio es 9 de 15
Estadísticas de respuestas
Pregunta Respuesta % Correcto
Paraguay Presidencialismo
100%
Croacia Presidencialismo
100%
Eslovenia Presidencialismo
100%
Luxemburgo Monarquía Constitucional
83%
Dinamarca Monarquía Constitucional
83%
Irlanda Presidencialismo
83%
Bielorrusia Dictadura
67%
Vietnam Dictadura
50%
Eswatini Monarquía Absoluta
50%
Líbano Presidencialismo
50%
Turkmenistán Dictadura
33%
Laos Dictadura
17%
Jordania Monarquía Constitucional
17%
Camboya Monarquía Constitucional
17%
Bután Monarquía Constitucional
17%
No se encontraron pruebas coincidentes
Distribución de puntuación
Porcentaje de gente con cada puntuación
Porcentaje por número respondido
Historial de tus puntuaciones
No has intentado esta prueba.